[Event "Alba Adriatica op 3rd"]
[Site "Alba Adriatica"]
[Date "1989.09.21"]
[Round "6"]
[White "Verrascina, Nicola"]
[Black "Monaldi, Luigi"]
[Result "1-0"]
[WhiteElo "1960"]
[BlackElo "1937"]
[PlyCount "69"]
[EventDate "1989.09.16"]
[EventType "swiss"]
[EventRounds "8"]
[EventCountry "ITA"]
[SourceTitle "EXT 2023"]
[Source "ChessBase"]
[SourceDate "2022.10.05"]
[SourceVersion "1"]
[SourceVersionDate "2022.10.05"]
[SourceQuality "1"]

1. e4 e5 2. Nc3 Nf6 3. Bc4 Nc6 4. d3 Bc5 5. Bg5 h6 6. Bh4 d6 7. Nd5 g5 8. Bg3 Nxd5 9. Bxd5 Qf6 10. c3 Ne7 11. Bc4 Be6 12. Qb3 Bxc4 13. Qxc4 0-0-0 14. b4 Bb6 15. a4 a5 16. bxa5 Bxa5 17. Rb1 d5 18. Qb3 b6 19. Ne2 d4 20. 0-0 dxc3 21. Qb5 Nc6 22. Rfc1 Qd6 23. Nxc3 Nd4 24. Qa6+ Kd7 25. Nb5 Ne2+ 26. Kh1 Nxg3+ 27. hxg3 Qxd3 28. Rd1 Bd2 29. Rb2 Qxe4 30. Rbxd2+ Ke7 31. Nc3 Rxd2 32. Nxe4 Rxd1+ 33. Kh2 Rhd8 34. Qb5 f5 35. Qxe5+ 1-0

[Event "Alba Adriatica op 3rd"]
[Site "Alba Adriatica"]
[Date "1989.09.16"]
[Round "1.3"]
[White "Monaldi, Luigi"]
[Black "Lanzani, Mario"]
[Result "0-1"]
[WhiteElo "1937"]
[BlackElo "2310"]
[PlyCount "106"]
[EventDate "1989.09.16"]
[EventType "swiss"]
[EventRounds "8"]
[EventCountry "ITA"]
[SourceTitle "EXT 2023"]
[Source "ChessBase"]
[SourceDate "2022.10.05"]
[SourceVersion "1"]
[SourceVersionDate "2022.10.05"]
[SourceQuality "1"]

1. d4 Nf6 2. c4 e6 3. Nf3 c5 4. e3 b6 5. Nc3 Ba6 6. Be2 g6 7. Ne5 Nc6 8. Nxc6 dxc6 9. Qa4 Bb7 10. Bf3 Qd7 11. 0-0 cxd4 12. exd4 Bg7 13. d5 cxd5 14. Qxd7+ Nxd7 15. cxd5 Ne5 16. Be4 f5 17. Bc2 Bxd5 18. Nxd5 exd5 19. Ba4+ Kf7 20. Rd1 Rhd8 21. Bg5 Bf6 22. Bxf6 Kxf6 23. Rac1 Rac8 24. f4 Nc4 25. b3 Nb2 26. Rxc8 Rxc8 27. Rxd5 Rc1+ 28. Kf2 Nxa4 29. bxa4 Rc2+ 30. Kf3 Rxa2 31. Rd4 Ke6 32. h3 Ra3+ 33. Kf2 a5 34. Ke2 Rb3 35. Rd8 Rb4 36. Rb8 Kd5 37. Kd3 Rxf4 38. Rxb6 Rxa4 39. Rb7 Ra2 40. g4 fxg4 41. hxg4 Ke5 42. Ke3 Ra3+ 43. Kf2 Kf4 44. Rxh7 Ra2+ 45. Kf1 Kxg4 46. Rc7 g5 47. Rc4+ Kg3 48. Rc3+ Kh4 49. Kg1 g4 50. Rc4 Kh3 51. Rc3+ g3 52. Rc1 a4 53. Kh1 a3 0-1